000 01212cam a2200313 4500
008 090401t1994 xxu||||| |||| 00| 0 eng d
020 _a185044515X
035 _a(Sirsi) u13044
041 _aeng
050 _a346.41032
110 _aNeil F. Jones and Co.
_9606
245 _aProfessional negligence and insurance law.
250 _a2nd ed.
260 _aLondon
_bLloyd`s of London Press
_c1994
300 _axxi,177p. ; 24cm.
350 _a35
490 _aLloyds List Practical Guides
520 _aA new edition of a work that looks at the liability and responsibility of professionals to their clients and to third parties in the light of the increase in litigation in recent years. Includes a chapter on the liability of surveyors and appendices covering the RICS professional indemnity insurance collective policy and guidance on mortgage valuations.
650 _aARCHITECTS
650 _aENGINEERS
650 _aLIABILITY
650 _aPROFESSIONAL INDEMNITY INSURANCE
650 _aPROFESSIONAL NEGLIGENCE
650 _aSURVEYORS
690 _aMANAGEMENT-BUSINESS MANAGEMENT-PROFESSIONAL PRACTICE
700 _aBrown, Jeffrey C.
_xEditor
942 _n0
948 _c04/03/1997
999 _c87054
_d87054